000
00311nam a22001217a 4500
999
_c
13798
_d
13798
020
_a
9781032273433
082
_a
628
100
_a
J Satya Eswari and Nisha Suryawanshi
245
_a
Optimization of Sustainable Enzymes Production
260
_a
London
_b
CRC Press
_c
2023
300
_a
xii, 220 pages
942
_c
BK